000 00734nam a2200229 a 4500
001 SSB064650
003 PILC
005 20160205110829.0
008
020 _a9781292025292 (pbk.)
050 _aBF 637.B4
_b.M363 2014
100 _aMartin, Garry L.
245 0 _aBehavior modification : what it is and how to do it /
_cGarry L. Martin and Joseph Pear.
250 _a9th edition.
260 _aEssex, England :
_bPearson Education Ltd.,
_c2014.
300 _aiv, 442 pages :
_billustrations ;
_c28 cm.
500 _aIncludes bibliographical references and indexes.
521 _aPsychology
650 _aBehavior modification.
700 _aPear, Joseph.
942 _2lcc
_cBK
_kFOR
999 _c276912
_d276912